书目信息 |
| 题名: |
建筑企业经营管理
|
|
| 作者: | 唐健人 , 陈茂明 主编 | |
| 分册: | ||
| 出版信息: | 北京 机械工业出版社 2004.08 |
|
| 页数: | 277页 | |
| 开本: | 24cm | |
| 丛书名: | 21世纪建筑工程管理系列规划教材 | |
| 单 册: | ||
| 中图分类: | F407.96-43 | |
| 科图分类: | ||
| 主题词: | 建筑工业--工业企业管理--教材 | |
| 电子资源: | ||
| ISBN: | 7-111-14975-0 | |
| 000 | 00966nam2 2200265 450 | |
| 001 | 0159055016 | |
| 005 | 20050922165124.76 | |
| 010 | @a7-111-14975-0@dCNY22.00 | |
| 100 | @a20050726d2004 km y0chiy0120 ea | |
| 101 | 0 | @achi |
| 102 | @aCN@b110000 | |
| 105 | @aa a 000yy | |
| 200 | 1 | @a建筑企业经营管理@Ajian zhu qi ye jing ying guan li@f唐健人, 陈茂明主编@Ftang jian ren,chen mao ming zhu bian |
| 210 | @a北京@c机械工业出版社@d2004.08 | |
| 215 | @a277页@c图@d24cm | |
| 225 | 2 | @a21世纪建筑工程管理系列规划教材 |
| 320 | @a有书目。 | |
| 330 | @a本教材以建设工程施工项目管理为主线,介绍建筑企业经营管理概论、建筑企业品牌经营、建设工程市场与建筑企业经营、建筑企业计划管理等内容。 | |
| 410 | 0 | @12001 @a21世纪建筑工程管理系列规划教材 |
| 606 | 0 | @a建筑工业@x工业企业管理@j教材 |
| 690 | @aF407.96-43@v4 | |
| 701 | 0 | @a唐健人@Atang jian ren@4主编 |
| 701 | 0 | @a陈茂明@Achen mao ming@4主编 |
| 801 | 0 | @aCN@bQSSK@c20050922 |
| 905 | @a10447@dF407.96-43@eT245 | |
| 建筑企业经营管理/唐健人, 陈茂明主编.-北京:机械工业出版社,2004.08 |
| 277页:图;24cm.-(21世纪建筑工程管理系列规划教材) |
| ISBN 7-111-14975-0:CNY22.00 |
| 本教材以建设工程施工项目管理为主线,介绍建筑企业经营管理概论、建筑企业品牌经营、建设工程市场与建筑企业经营、建筑企业计划管理等内容。 |
| ● |
| 相关链接 |
|
|
|
正题名:建筑企业经营管理
索取号:F407.96-43/T245
 
预约/预借
| 序号 | 登录号 | 条形码 | 馆藏地/架位号 | 状态 | 备注 |
| 1 | 526020 | 205260206 | 社科库409/409社科库 35排2列4层/ [索取号:F407.96-43/T245] | 在馆 | |
| 2 | 526021 | 205260215 | 社科二线422/409社科库 35排4列4层/ [索取号:F407.96-43/T245] | 在馆 | |
| 3 | 526022 | 205260224 | 社科二线422/409社科库 35排4列4层/ [索取号:F407.96-43/T245] | 在馆 |